| 000 | 00685nam a2200241Ia 4500 | ||
|---|---|---|---|
| 001 | dia_4050 | ||
| 003 | CHAP | ||
| 005 | 20251029153121.0 | ||
| 008 | 220117s1984 xx 000 0 und d | ||
| 010 | _a170755 | ||
| 040 |
_cCHAP _amxchpua |
||
| 090 | _aFOLLETO 2374 | ||
| 100 |
_aSistema nacional para el abasto. México _9147856 |
||
| 245 | _aMercados municipales, normas de planeación | ||
| 260 |
_aMéxico : _b Sistema nacional para el abasto, _c1984 |
||
| 300 | _a32 p. | ||
| 500 | _aS/c | ||
| 650 |
_aMercados _xNormas _9147857 |
||
| 901 | _aFOLLETO 2374 | ||
| 902 | _aM | ||
| 905 | _a0000001984 mx 0000000000spa00 | ||
| 942 |
_cFOLL _2local |
||
| 999 |
_c170755 _d170755 |
||